000
00294nam a22001337a 4500
008
181022b xxu||||| |||| 00| 0 eng d
020
_a
2900878935726
041
_a
eng
080
_a
159.9
100
_a
49
101
_a
PSI
245
_a
Sensation & Perception
_c
Wolfe, J.M
942
_2
udc
_c
BK
999
_c
50521
_d
50521